[Event "Newmarket Aurora Fall op U2000"]
[Site "Newmarket"]
[Date "2018.10.20"]
[Round "3.10"]
[White "Lim, Levi"]
[Black "Gao, William"]
[Result "1-0"]
[WhiteElo "1793"]
[BlackElo "1369"]
[PlyCount "109"]
[EventDate "2018.10.20"]
[EventType "swiss"]
[EventRounds "5"]
[EventCountry "CAN"]
[SourceTitle "EXT 2022"]
[Source "ChessBase"]
[SourceDate "2021.10.06"]
[SourceVersion "1"]
[SourceVersionDate "2021.10.06"]
[SourceQuality "1"]

1. e4 c5 2. Nf3 d6 3. c3 Nf6 4. Be2 Nc6 5. d4 cxd4 6. cxd4 Nxe4 7. d5 Qa5+ 8. Nc3 Nxc3 9. bxc3 Ne5 10. 0-0 Nxf3+ 11. Bxf3 Qxc3 12. Bd2 Qc7 13. Rc1 Qd8 14. Qb3 Rb8 15. Be3 b6 16. Qa4+ Qd7 17. Qh4 h6 18. Rfe1 Qf5 19. h3 g5 20. Qa4+ Qd7 21. Qd4 Rg8 22. Bg4 f5 23. Bh5+ Kd8 24. Bf7 Bg7 25. Qb4 Rf8 26. Be6 Qb7 27. Bd4 Bf6 28. Qa4 g4 29. hxg4 Bxe6 30. dxe6 Rg8 31. Bxf6 Rxg4 32. Qc6 Qxc6 33. Rxc6 exf6 34. Rxd6+ Ke8 35. Rd7 a5 36. f3 Rc4 37. Rh7 Rbc8 38. e7 Rc2 39. Rh8+ Kd7 40. e8Q+ Rxe8 41. Rhxe8 Rxa2 42. Rb8 Kc7 43. Rf8 Kc6 44. Rxf6+ Kc5 45. Rxf5+ Kc4 46. Re4+ Kc3 47. Rb5 a4 48. Rxb6 a3 49. Rxh6 Ra1+ 50. Kh2 a2 51. Ra6 Kb2 52. Re2+ Kb3 53. Rexa2 Rxa2 54. Rxa2 Kxa2 55. g4 1-0